[Event "SRI-chT"]
[Site "Colombo"]
[Date "2023.07.31"]
[Round "7.5"]
[White "Wiratunga, Jenith"]
[Black "Kalugampitiya, RS."]
[Result "0-1"]
[WhiteElo "1722"]
[BlackElo "2121"]
[PlyCount "82"]
[EventDate "2023.07.28"]
[EventType "team-tourn"]
[EventRounds "9"]
[EventCountry "SRI"]
[SourceTitle "CBM 215 Extra"]
[Source "ChessBase"]
[SourceDate "2023.09.30"]
[SourceVersion "1"]
[SourceVersionDate "2023.09.30"]
[SourceQuality "1"]
[WhiteTeam "Kandy YMCA"]
[BlackTeam "Fischer CC"]
[WhiteTeamCountry "SRI"]
[BlackTeamCountry "SRI"]

1. d4 Nf6 2. c4 g6 3. Nc3 d5 4. cxd5 Nxd5 5. Bd2 Bg7 6. Nf3 0-0 7. e4 Nxc3 8. Bxc3 c5 9. d5 Bg4 10. h3 Bxf3 11. Qxf3 Nd7 12. Be2 Qb6 13. 0-0 e6 14. dxe6 Qxe6 15. Bxg7 Kxg7 16. Qc3+ Qe5 17. Rad1 Qxc3 18. bxc3 Nb6 19. f4 Rad8 20. Rxd8 Rxd8 21. Rd1 Rxd1+ 22. Bxd1 Nc4 23. Kf2 Kf6 24. Bb3 Nd2 25. Bc2 Nc4 26. Bd3 Na3 27. Ke3 b5 28. g4 a5 29. e5+ Ke6 30. Ke4 c4 31. f5+ Ke7 32. Be2 b4 33. cxb4 axb4 34. Kd4 c3 35. Kd3 Nc4 36. Kc2 Nxe5 37. fxg6 hxg6 38. a3 Nc6 39. Kd3 c2 40. Kd2 bxa3 41. Bc4 Nb4 0-1

[Event "SRI-chT"]
[Site "Colombo"]
[Date "2023.07.30"]
[Round "5.5"]
[White "Kalugampitiya, RS."]
[Black "Gunasekara, WAN Senpathi"]
[Result "1/2-1/2"]
[WhiteElo "2121"]
[BlackElo "1583"]
[PlyCount "70"]
[EventDate "2023.07.28"]
[EventType "team-tourn"]
[EventRounds "9"]
[EventCountry "SRI"]
[SourceTitle "CBM 215 Extra"]
[Source "ChessBase"]
[SourceDate "2023.09.30"]
[SourceVersion "1"]
[SourceVersionDate "2023.09.30"]
[SourceQuality "1"]
[WhiteTeam "Fischer CC"]
[BlackTeam "Maroons CC"]
[WhiteTeamCountry "SRI"]
[BlackTeamCountry "SRI"]

1. e4 e6 2. d4 d5 3. Bd3 c5 4. c3 cxd4 5. cxd4 Bb4+ 6. Nc3 Ne7 7. e5 Nf5 8. Nge2 Nc6 9. Bxf5 exf5 10. 0-0 Be6 11. Nf4 0-0 12. Qd3 Be7 13. Rd1 Qd7 14. Qg3 f6 15. Nh5 Bd8 16. Ne2 fxe5 17. dxe5 Bc7 18. f4 Qf7 19. Qh3 d4 20. Rd3 Bxe5 21. fxe5 f4 22. Qh4 Nxe5 23. Rxd4 Qg6 24. Kh1 f3 25. Neg3 fxg2+ 26. Kxg2 Nf3 27. Qe4 Nxd4 28. Qxd4 Rad8 29. Qa4 b5 30. Qxb5 Rf5 31. Qe2 Bd5+ 32. Kg1 Bf3 33. Qc4+ Bd5 34. Qe2 Bf3 35. Qc4+ Bd5 1/2-1/2

[Event "Bayern-chI Bank Hofmann 21st"]
[Site "Tegernsee"]
[Date "2017.11.04"]
[Round "8"]
[White "Kalugampitiya, RS."]
[Black "Schuster, Karsten"]
[Result "1-0"]
[WhiteElo "2138"]
[BlackElo "2291"]
[PlyCount "109"]
[EventDate "2017.10.28"]
[EventType "swiss"]
[EventRounds "9"]
[EventCountry "GER"]
[SourceTitle "CBM 181 Extra"]
[Source "ChessBase"]
[SourceDate "2017.12.12"]
[SourceVersion "1"]
[SourceVersionDate "2017.12.12"]
[SourceQuality "1"]

1. e4 c6 2. d4 d5 3. Nd2 dxe4 4. Nxe4 Bf5 5. Ng3 Bg6 6. h4 h6 7. h5 Bh7 8. Nf3 e6 9. Bd3 Bxd3 10. Qxd3 Nf6 11. Bd2 Be7 12. 0-0-0 0-0 13. Kb1 c5 14. Ne4 Nc6 15. Nxf6+ Bxf6 16. dxc5 Qxd3 17. cxd3 Rfd8 18. Be3 Rd5 19. a3 a5 20. Nd2 Be7 21. Ne4 Rad8 22. Nc3 R5d7 23. Na4 Rxd3 24. Rxd3 Rxd3 25. Kc2 Rd8 26. Rd1 Rxd1 27. Kxd1 f5 28. Kc2 Kf7 29. Kb3 e5 30. Kc4 Ke6 31. b4 axb4 32. axb4 Bd8 33. Nc3 e4 34. Ne2 Ne5+ 35. Kb5 Nd3 36. Nd4+ Kf6 37. g3 Bc7 38. c6 bxc6+ 39. Kxc6 Be5 40. b5 Nb4+ 41. Kc5 Nd3+ 42. Kc4 Nb2+ 43. Kd5 Nd1 44. Nc2 Nxe3+ 45. Nxe3 Bb8 46. b6 Kg5 47. Ke6 f4 48. gxf4+ Kxf4 49. Nd5+ Kf3 50. Kf5 Bd6 51. b7 Kxf2 52. Kxe4 Kg3 53. Kf5 Kh4 54. Kg6 Kg4 55. Nb6 1-0

[Event "Bayern-chI Bank Hofmann 21st"]
[Site "Tegernsee"]
[Date "2017.11.02"]
[Round "6"]
[White "Kalugampitiya, RS."]
[Black "Koepke, Christian"]
[Result "0-1"]
[WhiteElo "2138"]
[BlackElo "2290"]
[PlyCount "104"]
[EventDate "2017.10.28"]
[EventType "swiss"]
[EventRounds "9"]
[EventCountry "GER"]
[SourceTitle "CBM 181 Extra"]
[Source "ChessBase"]
[SourceDate "2017.12.12"]
[SourceVersion "1"]
[SourceVersionDate "2017.12.12"]
[SourceQuality "1"]

1. e4 c5 2. Nf3 Nc6 3. d4 cxd4 4. Nxd4 g6 5. Nc3 Bg7 6. Be3 Nf6 7. Bc4 0-0 8. Bb3 Re8 9. f3 e6 10. Qd2 d5 11. exd5 Nxd5 12. Nxd5 Nxd4 13. Nc3 Nxb3 14. axb3 Qxd2+ 15. Kxd2 a6 16. Rad1 b5 17. Ne4 Bb7 18. Nc5 Bd5 19. Kc1 Rec8 20. Kb1 Rc7 21. Rd2 a5 22. Rhd1 h6 23. Nd3 g5 24. b4 Rc4 25. c3 a4 26. Nc5 a3 27. Bd4 Bxd4 28. Rxd4 axb2 29. Rxc4 Ra1+ 30. Kxb2 Rxd1 31. Rd4 Rh1 32. h3 Rh2 33. Rd2 Bxf3 34. c4 bxc4 35. b5 Rxg2 36. Rxg2 Bxg2 37. b6 Kg7 38. Kc3 h5 39. Kxc4 g4 40. h4 g3 41. Kd4 Kf6 42. Ke3 Kf5 43. b7 Bxb7 44. Nxb7 Kg4 45. Nd8 Kh3 46. Nxf7 g2 47. Ng5+ Kxh4 48. Nf3+ Kg3 49. Ng1 h4 50. Ne2+ Kh2 51. Kf2 h3 52. Ng1 e5 0-1

[Event "Asia-chT blitz 5th"]
[Site "Ashkhabad"]
[Date "2017.09.27"]
[Round "1.2"]
[White "Kalugampitiya, RS."]
[Black "Atabayev, Saparmyrat"]
[Result "1-0"]
[WhiteElo "2159"]
[BlackElo "2437"]
[PlyCount "85"]
[EventDate "2017.09.27"]
[EventType "team-swiss (blitz)"]
[EventRounds "5"]
[EventCountry "TKM"]
[SourceTitle "EXT 2018"]
[Source "ChessBase"]
[SourceDate "2017.10.13"]
[SourceVersion "1"]
[SourceVersionDate "2017.10.13"]
[SourceQuality "1"]
[WhiteTeam "Sri Lanka"]
[BlackTeam "Turkmenistan"]
[WhiteTeamCountry "SRI"]
[BlackTeamCountry "TKM"]

1. e4 c5 2. Nf3 e6 3. d4 cxd4 4. Nxd4 a6 5. Nc3 Qc7 6. Bd3 Nf6 7. 0-0 Be7 8. Be3 b5 9. f4 d6 10. a3 Nbd7 11. Be2 Bb7 12. Bf3 0-0 13. Qe1 Rfe8 14. g4 Nc5 15. Bf2 d5 16. e5 Nfe4 17. Bxe4 Nxe4 18. Nxe4 dxe4 19. Be3 Red8 20. c3 Rd5 21. Rd1 a5 22. h4 Ba6 23. Rf2 Bxh4 24. Kg2 Bxf2 25. Qxf2 Qe7 26. Rh1 b4 27. Qg3 bxa3 28. Qh3 h6 29. g5 axb2 30. gxh6 g6 31. h7+ Kh8 32. f5 gxf5 33. Bh6 Rxe5 34. Qg3 f6 35. Nc6 Qc7 36. Nxe5 fxe5 37. Bg5 Rf8 38. Rh6 Qg7 39. Bf6 Rxf6 40. Qxg7+ Kxg7 41. h8Q+ Kf7 42. Rh7+ Kg6 43. Qg7# 1-0

[Event "Asia-chT blitz 5th"]
[Site "Ashkhabad"]
[Date "2017.09.27"]
[Round "2.2"]
[White "Nguyen, Ngoc Truong Son"]
[Black "Kalugampitiya, RS."]
[Result "1-0"]
[WhiteElo "2629"]
[BlackElo "2159"]
[PlyCount "61"]
[EventDate "2017.09.27"]
[EventType "team-swiss (blitz)"]
[EventRounds "5"]
[EventCountry "TKM"]
[SourceTitle "EXT 2018"]
[Source "ChessBase"]
[SourceDate "2017.10.13"]
[SourceVersion "1"]
[SourceVersionDate "2017.10.13"]
[SourceQuality "1"]
[WhiteTeam "Vietnam"]
[BlackTeam "Sri Lanka"]
[WhiteTeamCountry "VIE"]
[BlackTeamCountry "SRI"]

1. d4 Nf6 2. Nf3 g6 3. c4 Bg7 4. Nc3 d6 5. e4 0-0 6. Be2 e5 7. d5 Nbd7 8. Bg5 a5 9. Nd2 Nc5 10. h4 h6 11. Be3 h5 12. f3 Bd7 13. Qc2 b6 14. 0-0-0 a4 15. a3 Qb8 16. Rdg1 Qb7 17. g4 hxg4 18. fxg4 Rfb8 19. h5 b5 20. cxb5 Ra5 21. hxg6 fxg6 22. Bxc5 dxc5 23. g5 Ne8 24. Nc4 Rxb5 25. Nxb5 Bxb5 26. Na5 Qb6 27. Bxb5 Qxb5 28. Nc6 Rb6 29. Rf1 Bf8 30. Qh2 Qc4+ 31. Kb1 1-0

[Event "Asia-chT blitz 5th"]
[Site "Ashkhabad"]
[Date "2017.09.27"]
[Round "5.2"]
[White "Sulaiman, Ahmad Ashrafi"]
[Black "Kalugampitiya, RS."]
[Result "1-0"]
[WhiteElo "1883"]
[BlackElo "2159"]
[PlyCount "85"]
[EventDate "2017.09.27"]
[EventType "team-swiss (blitz)"]
[EventRounds "5"]
[EventCountry "TKM"]
[SourceTitle "EXT 2018"]
[Source "ChessBase"]
[SourceDate "2017.10.13"]
[SourceVersion "1"]
[SourceVersionDate "2017.10.13"]
[SourceQuality "1"]
[WhiteTeam "Afghanistan"]
[BlackTeam "Sri Lanka"]
[WhiteTeamCountry "AFG"]
[BlackTeamCountry "SRI"]

1. e4 c5 2. b4 e6 3. bxc5 Bxc5 4. d4 Be7 5. Nf3 Nf6 6. Bd3 h6 7. 0-0 d6 8. Re1 0-0 9. Ba3 Nc6 10. Nbd2 a6 11. c4 e5 12. d5 Nb8 13. Qb3 Nbd7 14. Rac1 b6 15. Nf1 Nc5 16. Bxc5 bxc5 17. Ne3 Rb8 18. Qxb8 Qa5 19. Qb3 Bg4 20. Rb1 Bxf3 21. gxf3 Qd8 22. Nf5 Nh5 23. Qb6 Qe8 24. Kh1 g6 25. Nxh6+ Kg7 26. Ng4 Nf4 27. Rb3 Rh8 28. Rg1 Rh3 29. Rg3 Qh8 30. Bf1 Rh5 31. Qc7 Bh4 32. Rh3 Nxh3 33. Bxh3 Bg5 34. Qxd6 Bd8 35. Rb8 Be7 36. Qc7 Qh6 37. Nxh6 Rxh3 38. Qxe7 Rxh6 39. Qf8+ Kf6 40. Rb6+ Kg5 41. Qxf7 a5 42. Kg2 a4 43. Kg3 1-0

[Event "Asia-chT rapid 5th"]
[Site "Ashkhabad"]
[Date "2017.09.25"]
[Round "4.2"]
[White "Mohamed, Hassan2222"]
[Black "Kalugampitiya, RS."]
[Result "1/2-1/2"]
[WhiteElo "1846"]
[BlackElo "2159"]
[PlyCount "113"]
[EventDate "2017.09.25"]
[EventType "team-swiss (rapid)"]
[EventRounds "5"]
[EventCountry "TKM"]
[SourceTitle "EXT 2018"]
[Source "ChessBase"]
[SourceDate "2017.10.13"]
[SourceVersion "1"]
[SourceVersionDate "2017.10.13"]
[SourceQuality "1"]
[WhiteTeam "Maldives"]
[BlackTeam "Sri Lanka"]
[WhiteTeamCountry "MDV"]
[BlackTeamCountry "SRI"]

1. e4 c5 2. Nf3 d6 3. Nc3 Nf6 4. Bb5+ Bd7 5. Qe2 Nc6 6. 0-0 e6 7. d3 Be7 8. Bxc6 Bxc6 9. e5 dxe5 10. Nxe5 Rc8 11. Nxc6 Rxc6 12. h4 0-0 13. h5 Qd4 14. Bg5 h6 15. Bxf6 Qxf6 16. Rab1 Bd8 17. Ne4 Qh4 18. g3 Qh3 19. b4 cxb4 20. Rxb4 b6 21. c4 Be7 22. Rb5 Rd8 23. Qf3 Rc7 24. a4 Rcd7 25. Rd1 f5 26. Nc3 Bf6 27. Ne2 e5 28. d4 e4 29. Qxf5 Qxf5 30. Rxf5 Bxd4 31. Rd5 Rxd5 32. cxd5 Be5 33. Kg2 Kf7 34. g4 Ke7 35. Ng3 Bxg3 36. Kxg3 Kd6 37. Kf4 Rf8+ 38. Kxe4 Rxf2 39. Rc1 Re2+ 40. Kd3 Rg2 41. Rc6+ Kxd5 42. Rg6 Rg3+ 43. Ke2 Ra3 44. Rxg7 Rxa4 45. Kf3 Ke5 46. Rg6 Ra3+ 47. Ke2 Kf4 48. Kd2 b5 49. Kc2 a5 50. Rxh6 Kxg4 51. Rb6 b4 52. h6 Rc3+ 53. Kb2 Rh3 54. Rb5 Rh2+ 55. Kb3 Rh3+ 56. Kb2 Rh2+ 57. Kb3 1/2-1/2

[Event "Asian Indoor Games 5th"]
[Site "Ashkhabad"]
[Date "2017.09.24"]
[Round "7"]
[White "Kalugampitiya, RS."]
[Black "Amini, Habibullah"]
[Result "0-1"]
[WhiteElo "2159"]
[BlackElo "1995"]
[PlyCount "66"]
[EventDate "2017.09.21"]
[EventType "swiss"]
[EventRounds "7"]
[EventCountry "TKM"]
[SourceTitle "CBM 180 Extra"]
[Source "ChessBase"]
[SourceDate "2017.10.06"]
[SourceVersion "1"]
[SourceVersionDate "2017.10.06"]
[SourceQuality "1"]

1. e4 e6 2. d4 d5 3. Nc3 Bb4 4. e5 c5 5. a3 cxd4 6. Qxd4 Nc6 7. Bb5 Bxc3+ 8. Qxc3 Bd7 9. Be2 Nge7 10. f4 Nf5 11. Nf3 Rc8 12. Qd3 Qb6 13. c3 h5 14. b4 a6 15. a4 Nce7 16. Qd2 Rc7 17. Bd3 g6 18. Ke2 Kf8 19. Qb2 Kg7 20. Bd2 Rhc8 21. Rhc1 Bc6 22. Ne1 Qg1 23. b5 axb5 24. axb5 Be8 25. h3 h4 26. Qa3 Ng3+ 27. Kf3 Nf1 28. Qb2 Nf5 29. Bxf5 gxf5 30. Nd3 Nh2+ 31. Ke2 Qxg2+ 32. Nf2 Qf3+ 33. Ke1 Rc4 0-1

[Event "Asian Indoor Games 5th"]
[Site "Ashkhabad"]
[Date "2017.09.21"]
[Round "2"]
[White "Ahmed, Ashraf"]
[Black "Kalugampitiya, RS."]
[Result "0-1"]
[WhiteElo "1873"]
[BlackElo "2159"]
[PlyCount "64"]
[EventDate "2017.09.21"]
[EventType "swiss"]
[EventRounds "7"]
[EventCountry "TKM"]
[SourceTitle "CBM 180 Extra"]
[Source "ChessBase"]
[SourceDate "2017.10.06"]
[SourceVersion "1"]
[SourceVersionDate "2017.10.06"]
[SourceQuality "1"]

1. e4 c5 2. Nf3 d6 3. d4 cxd4 4. Nxd4 Nf6 5. Nc3 a6 6. Bg5 Nbd7 7. Bc4 g6 8. Qe2 Bg7 9. 0-0-0 0-0 10. h3 Re8 11. f4 b5 12. Bb3 Qc7 13. Bxf6 Nxf6 14. e5 Nh5 15. exd6 Qxd6 16. Ne6 Qb8 17. Nxg7 Nxg7 18. Rhf1 Bb7 19. g4 e6 20. Qe3 Bc6 21. h4 a5 22. a3 a4 23. Ba2 b4 24. Ne4 Bxe4 25. Qxe4 bxa3 26. bxa3 Qc7 27. Rd4 Qc3 28. Rf3 Qa1+ 29. Bb1 f5 30. gxf5 exf5 31. Qd5+ Kh8 32. Qa2 Qxd4 0-1

[Event "SRI-ch"]
[Site "Colombo"]
[Date "2016.06.05"]
[Round "11"]
[White "Kalugampitiya, RS."]
[Black "Lamawansa, Yasas"]
[Result "1-0"]
[WhiteElo "2114"]
[BlackElo "2012"]
[PlyCount "101"]
[EventDate "2016.05.27"]
[EventType "tourn"]
[EventRounds "13"]
[EventCountry "SRI"]
[SourceTitle "CBM 172 Extra"]
[Source "ChessBase"]
[SourceDate "2016.06.21"]
[SourceVersion "1"]
[SourceVersionDate "2016.06.21"]
[SourceQuality "1"]

1. e4 c5 2. Nf3 d6 3. d4 cxd4 4. Nxd4 Nf6 5. Nc3 a6 6. Bg5 e6 7. f4 h6 8. Bh4 Be7 9. Qf3 Qc7 10. 0-0-0 Nbd7 11. Be2 b5 12. e5 Bb7 13. Qg3 dxe5 14. Nxe6 fxe6 15. Qxg7 Rg8 16. Bh5+ Kd8 17. Qf7 Kc8 18. Qxe7 Nxh5 19. Qf7 Ndf6 20. Qxe6+ Kb8 21. Bxf6 Nxf6 22. Qxf6 Rxg2 23. fxe5 Ka7 24. e6 Rc8 25. Rd7 Qc6 26. Qd4+ Ka8 27. Re1 Rg6 28. Rd6 Qc7 29. a3 Rg7 30. Rd7 Rxd7 31. exd7 Rd8 32. Re8 Bc6 33. Nd5 Bxd5 34. Qxd5+ Ka7 35. Rxd8 Qxd8 36. Qc5+ Kb7 37. Qc8+ Qxc8 38. dxc8Q+ Kxc8 39. Kd2 Kd8 40. Ke3 Ke7 41. Ke4 Ke6 42. b3 a5 43. c4 bxc4 44. bxc4 Kd6 45. Kd4 h5 46. c5+ Kd7 47. a4 Kc7 48. Kd5 h4 49. c6 Kb8 50. Kc5 Kc7 51. h3 1-0

[Event "SRI-ch"]
[Site "Colombo"]
[Date "2016.06.04"]
[Round "10"]
[White "De Silva, Elath Mathanga"]
[Black "Kalugampitiya, RS."]
[Result "0-1"]
[WhiteElo "1958"]
[BlackElo "2114"]
[PlyCount "126"]
[EventDate "2016.05.27"]
[EventType "tourn"]
[EventRounds "13"]
[EventCountry "SRI"]
[SourceTitle "CBM 172 Extra"]
[Source "ChessBase"]
[SourceDate "2016.06.21"]
[SourceVersion "1"]
[SourceVersionDate "2016.06.21"]
[SourceQuality "1"]

1. d4 Nf6 2. Nf3 g6 3. Bg5 Bg7 4. Nbd2 0-0 5. c3 d6 6. e4 Nbd7 7. Be2 c6 8. 0-0 h6 9. Bh4 g5 10. Bg3 Nh5 11. Re1 Nxg3 12. hxg3 e5 13. dxe5 dxe5 14. Nc4 Nc5 15. Qc2 f5 16. Rad1 Qc7 17. Nd6 fxe4 18. Nxe4 Bf5 19. Bc4+ Kh8 20. Bd3 Nxd3 21. Rxd3 Bh7 22. Rde3 Qf7 23. Qb3 Qd5 24. c4 Qf7 25. c5 Qd5 26. Rd3 Bxe4 27. Rxd5 Bxd5 28. Qxb7 e4 29. Nd2 Bd4 30. Rxe4 Bxf2+ 31. Kh2 Bxc5 32. Re2 Rab8 33. Qc7 Bd4 34. Nb3 Rbc8 35. Qd7 Rcd8 36. Qc7 Bb6 37. Qe5+ Kh7 38. Nd4 Rde8 39. Qd6 Rxe2 40. Nxe2 Rf2 41. Qe7+ Kg6 42. Qe8+ Kf6 43. Qh8+ Ke7 44. Qg7+ Kd8 45. Qh8+ Kc7 46. Qe5+ Kb7 47. Qe7+ Kc8 48. Qe8+ Kb7 49. Qe7+ Bc7 50. Nc3 Rxg2+ 51. Kh1 Re2+ 52. Nxd5 Rxe7 53. Nxe7 Bxg3 54. Nf5 Be5 55. b3 h5 56. Kg2 g4 57. Ne3 Bf4 58. Nf5 Kb6 59. Nd4 h4 60. Ne2 Be5 61. Nc1 h3+ 62. Kh1 g3 63. Nd3 g2+ 0-1

[Event "SRI-ch"]
[Site "Colombo"]
[Date "2016.05.29"]
[Round "6"]
[White "Edirisinghe, Dulan"]
[Black "Kalugampitiya, RS."]
[Result "0-1"]
[WhiteElo "2106"]
[BlackElo "2114"]
[PlyCount "116"]
[EventDate "2016.05.27"]
[EventType "tourn"]
[EventRounds "13"]
[EventCountry "SRI"]
[SourceTitle "CBM 172 Extra"]
[Source "ChessBase"]
[SourceDate "2016.06.21"]
[SourceVersion "1"]
[SourceVersionDate "2016.06.21"]
[SourceQuality "1"]

1. d4 Nf6 2. c4 g6 3. Nc3 Bg7 4. e4 d6 5. Nf3 0-0 6. h3 e5 7. d5 Na6 8. Bg5 Qe8 9. Nd2 Nh5 10. Nb3 h6 11. Be3 b6 12. Qd2 Kh7 13. 0-0-0 Nf6 14. g4 Ng8 15. Be2 Nc5 16. Nxc5 bxc5 17. h4 f5 18. f3 f4 19. Bf2 Bd7 20. h5 g5 21. Nb5 Qb8 22. Qa5 Rc8 23. Rd3 a6 24. Na3 Bf6 25. Nc2 Bd8 26. Rb3 Qa7 27. Ra3 Rcb8 28. Rd1 Ne7 29. Rb3 Rb6 30. Ne1 Rab8 31. Rdd3 Qb7 32. Rdc3 Rb4 33. Nd3 c6 34. Qa3 cxd5 35. cxd5 a5 36. Nxc5 dxc5 37. Bxc5 Nc8 38. Bxb4 axb4 39. Qa6 Qxa6 40. Bxa6 Nd6 41. Rc5 Ba4 42. Rd3 Bb6 43. Rc6 Bxc6 44. dxc6 Bc7 45. Rd5 Rb6 46. Bb7 Kg8 47. Ba8 Rb5 48. Kc2 Kf7 49. Bb7 Ke6 50. Bc8+ Kf6 51. Bd7 Rxd5 52. exd5 e4 53. fxe4 Ke5 54. Bf5 Kd4 55. Kd2 Nxe4+ 56. Ke2 Ng3+ 57. Kf3 Nxf5 58. gxf5 Kxd5 0-1

[Event "SRI-ch"]
[Site "Colombo"]
[Date "2016.05.28"]
[Round "4"]
[White "Thilakarathne, GM Harshana"]
[Black "Kalugampitiya, RS."]
[Result "0-1"]
[WhiteElo "1974"]
[BlackElo "2114"]
[PlyCount "122"]
[EventDate "2016.05.27"]
[EventType "tourn"]
[EventRounds "13"]
[EventCountry "SRI"]
[SourceTitle "CBM 172 Extra"]
[Source "ChessBase"]
[SourceDate "2016.06.21"]
[SourceVersion "1"]
[SourceVersionDate "2016.06.21"]
[SourceQuality "1"]

1. e4 e6 2. d4 d5 3. Bd3 dxe4 4. Bxe4 Nf6 5. Bf3 Nbd7 6. Nc3 c5 7. Nge2 cxd4 8. Nxd4 Ne5 9. Ndb5 Nxf3+ 10. gxf3 Qe7 11. b3 Qc5 12. Ba3 Qe5+ 13. Qe2 Qxe2+ 14. Kxe2 Bxa3 15. Nxa3 Bd7 16. Nc4 Ke7 17. a4 Rac8 18. Rhd1 Bc6 19. Nb5 Bd5 20. Ne3 a6 21. Nd4 g6 22. c4 Bc6 23. b4 Bd7 24. b5 e5 25. Nb3 Be6 26. Na5 Rc7 27. Rab1 axb5 28. axb5 Rhc8 29. b6 Rd7 30. Rb5 Rxd1 31. Kxd1 Nd7 32. Nxb7 Rb8 33. Nc5 Nxc5 34. Rxc5 Rxb6 35. Rxe5 Rb1+ 36. Ke2 Rh1 37. Ra5 Rxh2 38. f4 Kf6 39. Ra7 Rh1 40. Ra2 Rc1 41. Kd3 h5 42. f3 h4 43. Rh2 h3 44. Ke4 Re1 45. f5 Bxf5+ 46. Kd4 Be6 47. Ng4+ Bxg4 48. fxg4 Kg5 49. Rxh3 Kxg4 50. Rc3 f5 51. c5 f4 52. c6 Re8 53. c7 Rc8 54. Ke4 f3 55. Ke3 Kg3 56. Rc6 g5 57. Rc5 g4 58. Rc3 f2 59. Ke2+ Kg2 60. Rc1 Re8+ 61. Kd2 f1Q 0-1

[Event "SRI-chB"]
[Site "Colombo"]
[Date "2016.03.12"]
[Round "2"]
[White "De Silva, Elath Mathanga"]
[Black "Kalugampitiya, RS."]
[Result "1/2-1/2"]
[WhiteElo "1928"]
[BlackElo "2133"]
[PlyCount "74"]
[EventDate "2016.03.12"]
[EventType "swiss"]
[EventRounds "10"]
[EventCountry "SRI"]
[SourceTitle "CBM 171 Extra"]
[Source "ChessBase"]
[SourceDate "2016.04.26"]
[SourceVersion "1"]
[SourceVersionDate "2016.04.26"]
[SourceQuality "1"]

1. d4 Nf6 2. Bg5 g6 3. Bxf6 exf6 4. e3 Bg7 5. Nd2 d5 6. g3 0-0 7. Bg2 c6 8. Ne2 Na6 9. Nf4 Bf5 10. a3 Qd7 11. h4 Rfe8 12. 0-0 Nc7 13. Rc1 Re7 14. c4 dxc4 15. Nxc4 Bh6 16. Nd3 Rd8 17. Nc5 Qc8 18. Na5 Nd5 19. Ncxb7 Nxe3 20. fxe3 Bxe3+ 21. Kh2 Rxd4 22. Nxc6 Qxb7 23. Nxd4 Be4 24. Bxe4 Qxe4 25. Rc8+ Kg7 26. Nc2 Qb7 27. Qd8 Kh6 28. Rb8 Qe4 29. Qf8+ Kh5 30. Rb5+ f5 31. Nxe3 Qxe3 32. Rbxf5+ gxf5 33. Rxf5+ Kg4 34. Rg5+ Kf3 35. Qa8+ Re4 36. Rf5+ Kg4 37. Rg5+ Kf3 1/2-1/2

[Event "SRI-chB"]
[Site "Colombo"]
[Date "2016.03.12"]
[Round "1"]
[White "Kalugampitiya, RS."]
[Black "Thiyasara, KT Thisen"]
[Result "1-0"]
[WhiteElo "2133"]
[BlackElo "1786"]
[PlyCount "133"]
[EventDate "2016.03.12"]
[EventType "swiss"]
[EventRounds "10"]
[EventCountry "SRI"]
[SourceTitle "CBM 171 Extra"]
[Source "ChessBase"]
[SourceDate "2016.04.26"]
[SourceVersion "1"]
[SourceVersionDate "2016.04.26"]
[SourceQuality "1"]

1. c4 c5 2. Nc3 g6 3. g3 Bg7 4. Bg2 Nc6 5. Nf3 e5 6. d3 d6 7. Nd5 Nge7 8. Bg5 h6 9. Bf6 0-0 10. Nd2 Be6 11. Nxe7+ Nxe7 12. Bxg7 Kxg7 13. Bxb7 Rb8 14. Bg2 Rxb2 15. Qa4 Nf5 16. Qa3 Rb4 17. Qxa7 Nd4 18. 0-0 Nxe2+ 19. Kh1 Nc3 20. a4 Rb2 21. Nb1 Na2 22. a5 e4 23. Bxe4 Bh3 24. Bg2 Bxg2+ 25. Kxg2 Qc8 26. Qe7 Qa8+ 27. Kg1 Re8 28. Qxd6 Qxa5 29. d4 Re1 30. dxc5 Rbe2 31. Qd4+ Kh7 32. Nc3 Rxf1+ 33. Kxf1 Qxc3 34. Qxc3 Nxc3 35. Rc1 Re5 36. Rxc3 Rxc5 37. Ke2 Kg7 38. Kd3 Kf6 39. Kd4 Rh5 40. h4 Rf5 41. c5 Ke7 42. f4 Kd7 43. Ra3 Kc6 44. Ra6+ Kc7 45. Rd6 Kb7 46. Rd7+ Kc6 47. Rd6+ Kc7 48. Ra6 Kb7 49. Rd6 Kc7 50. Rd5 Rf6 51. h5 Re6 52. f5 Rf6 53. g4 gxh5 54. gxh5 Ra6 55. Ke5 f6+ 56. Ke4 Ra4+ 57. Rd4 Ra1 58. Kd5 Kd7 59. Rd2 Re1 60. Kc4+ Kc7 61. Rd6 Rc1+ 62. Kd5 Rh1 63. Rxf6 Rxh5 64. Rf7+ Kc8 65. Kc6 Kb8 66. Kb6 Kc8 67. c6 1-0

[Event "Olympiad-41"]
[Site "Tromsoe"]
[Date "2014.08.08"]
[Round "6.4"]
[White "Kalugampitiya, RS."]
[Black "Sarwary, Hamidullah"]
[Result "1-0"]
[WhiteElo "2121"]
[BlackElo "1920"]
[PlyCount "63"]
[EventDate "2014.08.02"]
[EventType "team-swiss"]
[EventRounds "11"]
[EventCountry "NOR"]
[SourceTitle "CBM 162"]
[Source "ChessBase"]
[SourceDate "2014.09.17"]
[SourceVersion "1"]
[SourceVersionDate "2014.09.17"]
[SourceQuality "1"]
[WhiteTeam "Sri Lanka"]
[BlackTeam "Afghanistan"]
[WhiteTeamCountry "SRI"]
[BlackTeamCountry "AFG"]

1. e4 e5 2. Nf3 d6 3. d4 exd4 4. Nxd4 Nf6 5. Nc3 Be7 6. Bf4 Bd7 7. Qd2 Nc6 8. Be2 Nxd4 9. Qxd4 Bc6 10. 0-0-0 0-0 11. h4 b5 12. Bf3 Qe8 13. Rh3 Bd7 14. Rg3 c5 15. Qe3 h5 16. Bxd6 Bxd6 17. Rxd6 Qe5 18. Qg5 Qxg5+ 19. Rxg5 Be6 20. Rxc5 Rad8 21. Rxd8 Rxd8 22. Rxb5 g6 23. Nd5 Nd7 24. Ra5 f5 25. exf5 gxf5 26. Ne7+ Kf7 27. Nxf5 Kf6 28. Ng3 Nb6 29. Nxh5+ Kf7 30. Rxa7+ Kf8 31. Nf4 Bf5 32. g4 1-0

[Event "Asia-chT 18th"]
[Site "Tabriz"]
[Date "2014.05.25"]
[Round "5.5"]
[White "Mansour, Sameer"]
[Black "Kalugampitiya, RS."]
[Result "1-0"]
[WhiteElo "2257"]
[BlackElo "2145"]
[PlyCount "125"]
[EventDate "2014.05.22"]
[EventType "team-tourn"]
[EventRounds "9"]
[EventCountry "IRI"]
[SourceTitle "CBM 160 Extra"]
[Source "ChessBase"]
[SourceDate "2014.07.01"]
[SourceVersion "1"]
[SourceVersionDate "2014.07.01"]
[SourceQuality "1"]
[WhiteTeam "Jordan"]
[BlackTeam "Sri Lanka"]
[WhiteTeamCountry "JOR"]
[BlackTeamCountry "SRI"]

1. d4 d5 2. Nf3 Nf6 3. Bg5 e6 4. e3 Nbd7 5. Bd3 Be7 6. Nbd2 c5 7. c3 b6 8. 0-0 0-0 9. Qa4 Bb7 10. Ne5 c4 11. Bb1 Nxe5 12. dxe5 Nd7 13. Bf4 f5 14. exf6 Nxf6 15. Qc2 Bd6 16. Bg3 g6 17. Qd1 e5 18. e4 Qc7 19. Qe2 d4 20. Qxc4+ Qxc4 21. Nxc4 dxc3 22. bxc3 Bc5 23. Nxe5 Nxe4 24. Bxe4 Bxe4 25. Nd7 Rf5 26. Rfe1 Bc6 27. Nxc5 Rxc5 28. Be5 Re8 29. f4 Kf7 30. Kf2 Rd8 31. Bd4 Rb5 32. Re2 Re8 33. Be5 g5 34. g3 h5 35. Rd1 gxf4 36. gxf4 Rd5 37. Rg1 Rg8 38. Rxg8 Kxg8 39. Ke3 Kf7 40. a3 Rd1 41. f5 h4 42. Bd4 Rf1 43. f6 Ra1 44. Kf4 Rxa3 45. Re7+ Kf8 46. Rc7 Bg2 47. Kg5 h3 48. Kh6 Bd5 49. Be5 Ra2 50. Bd6+ Ke8 51. Re7+ Kd8 52. Bc7+ Kc8 53. Bf4 Rf2 54. Kg5 Kd8 55. Rxa7 Ke8 56. Rh7 Rg2+ 57. Bg3 Rc2 58. Re7+ Kf8 59. Bd6 Kg8 60. Rg7+ Kh8 61. Kh6 Rf2 62. Be5 Re2 63. f7 1-0